Introducción general al derecho : (Registro nro. 3438)

Detalles MARC
000 -LEADER
fixed length control field 00965nam a2200241Ia 4500
003 - CONTROL NUMBER IDENTIFIER
control field OSt
005 - DATE AND TIME OF LATEST TRANSACTION
control field 20200727205216.0
008 - FIXED-LENGTH DATA ELEMENTS--GENERAL INFORMATION
fixed length control field 191128s1994 ck fr 000 0 spa d
020 ## - INTERNATIONAL STANDARD BOOK NUMBER
International Standard Book Number 9589560326
040 ## - CATALOGING SOURCE
Original cataloging agency CO-JMCR
Transcribing agency CO-JMCR
041 0# - LANGUAGE CODE
Language code of text/sound track or separate title spa
082 04 - DEWEY DECIMAL CLASSIFICATION NUMBER
Classification number 340 /
Item number N778i
Edition number 23
100 1# - MAIN ENTRY--PERSONAL NAME
Personal name Noguera Laborde, Rodrigo,
Relator term autor
9 (RLIN) 7924
245 10 - TITLE STATEMENT
Title Introducción general al derecho :
Remainder of title introducción a la filosofía del derecho /
Statement of responsibility, etc. Rodrigo Noguera Laborde
250 ## - EDITION STATEMENT
Edition statement Primera edición
260 ## - PUBLICATION, DISTRIBUTION, ETC.
Place of publication, distribution, etc. Bogotá :
Name of publisher, distributor, etc. Institución Universitaria Sergio Arboleda,
Date of publication, distribution, etc. 1994
300 ## - PHYSICAL DESCRIPTION
Extent 188 páginas ;
Dimensions 23 cm.
490 0# - SERIES STATEMENT
Series statement Major ;
Volume/sequential designation 3
505 0# - FORMATTED CONTENTS NOTE
Formatted contents note Concepto del derecho -- El derecho, la moral y los usos sociales -- La norma jurídica -- La relación jurídica, el derecho subjetivo y la obligación jurídica -- Las personas desde el punto de vista jurídico
650 14 - SUBJECT ADDED ENTRY--TOPICAL TERM
Topical term or geographic name entry element Filosofía del derecho
9 (RLIN) 7925
650 14 - SUBJECT ADDED ENTRY--TOPICAL TERM
Topical term or geographic name entry element Valores (Filosofía)
9 (RLIN) 7926
942 ## - ADDED ENTRY ELEMENTS (KOHA)
Source of classification or shelving scheme Dewey Decimal Classification
Koha item type Books
Existencias
Withdrawn status Lost status Source of classification or shelving scheme Damaged status Not for loan Collection code Home library Current library Date acquired Source of acquisition Full call number Barcode Date last seen Copy number Koha item type Public note
    Dewey Decimal Classification     Non-fiction Biblioteca Pública José María del Castillo y Rada Biblioteca Pública José María del Castillo y Rada 04/10/2018 Donación 340 / N778i 201807289 05/16/2024 V.1 / Ej.1 Books Algunas páginas rayadas con resaltador.